000 00543nam a2200217 4500
001 4072996
005 20180111093018.0
008 720228s1972 njua b 001 0 eng
010 _a 70156983
020 _a0136659683
040 _aDLC
_cDLC
_dDLC
041 _aeng
080 _a541.3
082 0 0 _a541.3 MOO
100 1 _a12
101 _aKIM
245 0 0 _aPhysical chemistry
_c[by] Walter J. Moore.
504 _aIncludes bibliographical references.
906 _a7
_bcbc
_corignew
_d2
_encip
_f19
_gy-gencatlg
942 _2ddc
_cBK
999 _c40152
_d40152